Villes de Bretagne - Click Quiz - Statistiques

Statistiques générales
  • Ce quiz a été pris 360 fois
  • Le résultat moyen est 15 sur 20
Statistiques - réponses
Hint Réponse % Correct
Rennes Ille-et-Vilaine
91%
Brest Finistère
90%
Vannes Morbihan
88%
Fougères Ille-et-Vilaine
86%
Quimper Finistère
85%
Saint-Brieuc Côtes-d'Armor
83%
Lorient Morbihan
82%
Vitré Ille-et-Vilaine
79%
Guingamp Côtes-d'Armor
76%
Concarneau Finistère
75%
Landerneau Finistère
74%
Lannion Côtes-d'Armor
73%
Saint-Malo Ille-et-Vilaine
71%
Perros-Guirec Côtes-d'Armor
69%
Auray Morbihan
69%
Pontivy Morbihan
66%
Roscoff Finistère
58%
Dinard Ille-et-Vilaine
58%
Dinan Côtes-d'Armor
56%
Ploërmel Morbihan
56%
Aucun quiz correspondant
Distribution des résultats
% des personnes avec chaque résultat
Percentile par nombre de réponses
Votre historique - résultats
Vous n’avez pas pris ce quiz